Survivor Name Ladder 2 - Statistics

General Stats
  • This quiz has been taken 82 times
  • The average score is 15 of 20
Answer Stats
Picture Answer % Correct
Richard
97%
Adam
94%
Rupert
93%
Rick
86%
Taj
86%
Kat
84%
Ian
83%
Domenick
81%
Liz
77%
Eddie
73%
Kara
73%
Zane
73%
Jeremiah
71%
Neal
71%
Naseer
69%
Tyler
64%
Swati
63%
Marcus
56%
Hunter
51%
Erin
49%
No matching quizzes found
Score Distribution
Percent of People with Each Score
Percentile by Number Answered
Your Score History
You have not taken this quiz